000 00816nam a2200181Ia 4500
008 100920s9999 xx 000 0 und d
082 _b64614
_a891.43 थ 94
100 _aसांकृत्यायन कमला.
245 _aराहुल वाङमय खंड-2 जीवनी और संस्मरण.जिल्द-3.
260 _bराधाकृष्ण प्रकाशन,दिल्ली.
_c1994
300 _a364
_bसाधी
365 _b375
520 _aहिंदी.
630 _aराहुल वाङमय खंड-2 जीवनी और संस्मरण.जिल्द-3.
650 _aहिंदी.
730 _aराहुल वाङमय खंड-2 जीवनी और संस्मरण.जिल्द-3.
942 _cBOOK
999 _c707612
_d707609